书目信息 |
| 题名: |
小浪底工程排沙洞预应力观测资料整编分析与研究
|
|
| 作者: | 屈章彬 主编 | |
| 分册: | ||
| 出版信息: | 郑州 黄河水利出版社 2009.12 |
|
| 页数: | 202页 | |
| 开本: | 26cm | |
| 丛书名: | ||
| 单 册: | ||
| 中图分类: | TV632.613 | |
| 科图分类: | ||
| 主题词: | ||
| 电子资源: | ||
| ISBN: | 978-7-80734-761-3 | |
| 000 | 00995nam0 2200241 450 | |
| 001 | 012010512430 | |
| 005 | 20100601163330.89 | |
| 010 | @a978-7-80734-761-3@dCNY35.00 | |
| 100 | @a20100601d2009 em y0chiy0120 ea | |
| 101 | 0 | @achi |
| 102 | @aCN@b410000 | |
| 105 | @aak a 000yy | |
| 106 | @ar | |
| 200 | 1 | @a小浪底工程排沙洞预应力观测资料整编分析与研究@Axiao lang di gong cheng pai sha dong yu ying li guan ce zi liao zheng bian fen xi yu yan jiu@f屈章彬主编@Fzhu bian qu zhang bin |
| 210 | @a郑州@c黄河水利出版社@d2009.12 | |
| 215 | @a202页@c图@d26cm | |
| 320 | @a有书目 (第202页) | |
| 330 | @a本书全面、系统地介绍了小浪底水利枢纽工程混凝土预应力衬砌排沙洞的观测内容、仪器布置、仪器类型和观测方法,采用基本的数理统计方法对施工期和蓄水运行期排沙洞观测数据进行了整理和分析。 | |
| 607 | @a黄河@Ahuang he@x水利枢纽@x水利工程@x排沙孔@x预应力@x研究 | |
| 690 | @aTV632.613@v4 | |
| 701 | 0 | @a屈章彬@Aqu zhang bin@4主编 |
| 801 | 0 | @aCN@bQSSK@c20100601 |
| 905 | @b780571-73@dTV632.613@eQ815@f3 | |
| 小浪底工程排沙洞预应力观测资料整编分析与研究/屈章彬主编.-郑州:黄河水利出版社,2009.12 |
| 202页:图;26cm |
| ISBN 978-7-80734-761-3:CNY35.00 |
| 本书全面、系统地介绍了小浪底水利枢纽工程混凝土预应力衬砌排沙洞的观测内容、仪器布置、仪器类型和观测方法,采用基本的数理统计方法对施工期和蓄水运行期排沙洞观测数据进行了整理和分析。 |
| ● |
| 相关链接 |
|
|
|
正题名:小浪底工程排沙洞预应力观测资料整编分析与
索取号:TV632.613/Q815
 
预约/预借
| 序号 | 登录号 | 条形码 | 馆藏地/架位号 | 状态 | 备注 |
| 1 | 780571 | 207805712 | 自科库501/501自科库 48排2列2层/ [索取号:TV632.613/Q815] | 在馆 | |
| 2 | 780572 | 207805721 | 期刊室512/501自科库 48排2列2层/ [索取号:TV632.613/Q815] | 在馆 | |
| 3 | 780573 | 207805730 | 自科库501/501自科库 48排2列2层/ [索取号:TV632.613/Q815] | 在馆 |